000 00592cam a22002172a 4500
001 024698
003 AR-FADEU
008 311216n2005####xxu####################dd
020 _a987-574-050-0
092 _a322.2
_bF363
_eBDT
100 _aFernández, Arturo
245 _aEstado y relaciones laborales : transformaciones y perspectivas
260 _aBuenos Aires
260 _bPrometeo
260 _c2005
300 _a242 p
500 _aIncluye bibliografía
700 _aMaría Cecilia, Cross
650 _aESTADO-SINDICALISMO; MOVIMIENTO OBRERO-ESTADO/BDT/
942 _cBDT
999 _c30385
_d30385